مرض السكر : (Record no. 14956)
[ view plain ]
| 000 -LEADER | |
|---|---|
| fixed length control field | 00693nam a22001697a 4500 |
| 008 - FIXED-LENGTH DATA ELEMENTS--GENERAL INFORMATION | |
| fixed length control field | 110223t xxu||||| |||| 00| 0 eng d |
| 020 ## - INTERNATIONAL STANDARD BOOK NUMBER | |
| International Standard Book Number | 9770229482 |
| 082 ## - DEWEY DECIMAL CLASSIFICATION NUMBER | |
| Classification number | 616.462 |
| Item number | غ ر ي |
| 100 ## - MAIN ENTRY--PERSONAL NAME | |
| 9 (RLIN) | 22266 |
| Personal name | غريب ، أحمد |
| 245 ## - TITLE STATEMENT | |
| Title | مرض السكر : |
| Remainder of title | للمواطن والممارس العام / |
| Statement of responsibility, etc | أحمد غريب |
| 260 ## - PUBLICATION, DISTRIBUTION, ETC. (IMPRINT) | |
| Place of publication, distribution, etc | القاهرة : |
| Name of publisher, distributor, etc | دار المعارف ،1990 |
| Date of publication, distribution, etc | 1990 |
| 300 ## - PHYSICAL DESCRIPTION | |
| Extent | 108 ص : |
| Other physical details | أيض ؛ |
| Dimensions | 12 سم |
| 650 ## - SUBJECT ADDED ENTRY--TOPICAL TERM | |
| 9 (RLIN) | 21904 |
| Topical term or geographic name as entry element | مرض السكر |
| 650 ## - SUBJECT ADDED ENTRY--TOPICAL TERM | |
| 9 (RLIN) | 22267 |
| Topical term or geographic name as entry element | السكر في الجسم |
| 942 ## - ADDED ENTRY ELEMENTS (KOHA) | |
| Source of classification or shelving scheme | Dewey Decimal Classification |
| Item type | Book - Borrowing |
| Withdrawn status | Item status | Source of classification or shelving scheme | Damaged status | Not for loan | Vendor | Home library | Current library | Shelving location | Date acquired | Source of acquisition | Total Checkouts | Full call number | Barcode | Date last seen | Koha item type |
|---|---|---|---|---|---|---|---|---|---|---|---|---|---|---|---|
| Dewey Decimal Classification | Central Library | Central Library | First floor | 23/02/2011 | Donation | 616.462 غ ر ي | 000022775 | 15/07/2025 | Book - Borrowing |